| 000 | 00417nam a22001337a 4500 | ||
|---|---|---|---|
| 082 |
_a625.85 _bPUZ _cD |
||
| 100 |
_aPuzinauskas, V.P _943886 |
||
| 245 | _aDifference between petroleum asphalt, coal, tar pitch and road tar/ | ||
| 260 |
_aWashington DC: _bUS department of transportation, _cc1978 |
||
| 300 |
_a31p,; _bill,: _c29cm |
||
| 526 |
_a0 _b0 _c0 _d625_850000000000000_PUZ |
||
| 650 |
_aMCE _9379 |
||
| 942 |
_2ddc _cBK |
||
| 999 |
_c548033 _d548033 |
||